Ação civil pública na justiça do trabalho / (Record no. 461)

MARC details
000 -LÍDER
Campo Fixo de Controle 00766nam a2200265 a 4500
001 - NÚMERO DE CONTROLE
Campo de Controle 461
003 - IDENTIFICAÇÃO DO NÚMERO DE CONTROLE
Campo de Controle BR-CuiBMT
005 - DATA E HORA DA ÚLTIMA ATUALIZAÇÃO
Campo de Controle 20231116184926.0
008 - DADOS FIXOS
Dados Fixos 231107b2021 mgb 000 0 por d
020 ## - INTERNATIONAL STANDARD BOOK NUMBER
Nº do ISBN 9788536111605
040 ## - AGÊNCIA CATALOGADORA
Código da Agência Catalogadora BR-CuiBMT
Agência que transcreveu o registro BR-CuiBMT
080 ## - Nº DA CLASSIFICAÇÃO DECIMAL UNIVERSAL
Nº edição CDU 2007
Nº Class. CDU 349.2:347.922
090 ## - NÚMERO DE CHAMADA
Nº classificação 349.2:347.922
Cutter M528a
Ano/Edição 3. ed.
100 1# - ENTRADA PRINCIPAL -- AUTOR PESSOAL
Nome pessoal Melo, Raimundo Simão de
245 00 - TÍTULO PRINCIPAL
Título principal Ação civil pública na justiça do trabalho /
Indicação de responsabilidade Raimundo Simão de Melo.
250 ## - EDIÇÃO
Edição 3. ed.
260 ## - PUBLICAÇÃO, DISTRIBUIÇÃO, ETC.
Local de publicação São Paulo :
Editora LTr,
Data 2008.
300 ## - DESCRIÇÃO FÍSICA
N. páginas ou volumes 358 p. :
Dimensões 24 cm
504 ## - NOTA DE BIBLIOGRAFIA, ETC.
Nota de bibliografia Inclui bibliografia.
650 ## - ASSUNTO TÓPICO
Cabeçalho tópico ou nome geográfico Direito do trabalho
650 ## - ASSUNTO TÓPICO
Cabeçalho tópico ou nome geográfico Justiça do trabalho
650 ## - ASSUNTO TÓPICO
Cabeçalho tópico ou nome geográfico Ação civil pública
650 ## - ASSUNTO TÓPICO
Cabeçalho tópico ou nome geográfico Direito processual do trabalho
942 ## - ELEMENTOS DE ENTRADA ADICIONAIS (KOHA)
Fonte de classificação ou esquema de arquivamento Classificação Decimal Universal
Tipo de item do Koha Livros
Holdings
Estado: removido Estado: perdido Fonte de classificação ou esquema de arquivamento Estado: danificado Indisponível para empréstimo Localização permanente Localização atual Data de aquisição Total Checkouts Número de Chamada completo Código de barras Date last seen Número do exemplar Preço efetivo a partir de Tipo de item (Koha)
    Classificação Decimal Universal     Biblioteca da Escola Superior de Contas do TCE/MT Biblioteca da Escola Superior de Contas do TCE/MT 16/11/2023   349.2:347.922 BIBTCEMT23110653 16/11/2023 Ex. 1 16/11/2023 Livros

Powered by Koha